| 000 | 00913cam a22001577a 4500 | ||
|---|---|---|---|
| 008 | 180718b2001 xxu||||| |||| 00| 0 eng d | ||
| 082 | _aT478 In8 | ||
| 245 | _aMultilateral Investment Gurantee Agency; investment promotion toolkit | ||
| 260 |
_aWashington, D.C. _bWorld Bank _c2001 |
||
| 300 | _av. | ||
| 500 | _aContents: v.1 Understanding foreign direct investment, 21p.;v.2 Developing an investment promotion agency, 24p.;v.3 Creating an investment promotion strategy, 27p.;v.4 Building effective partnerships, 14p.;v.5 Strengthening the location's image, 21p.;v.6 Targeting and generating investment oppertunities, 27p.;v.7 Servicing innvestors, 14p.;v.8 Monitoring and evaluating activities and results, 20p.;v.9 Utilizing information technology, 19p. | ||
| 650 | _aFinancial institutions | ||
| 650 | _aMutual funds | ||
| 650 | _aInvestment analysis | ||
| 650 | _aInvestments, Foreign - Law and legislation | ||
| 999 |
_c286794 _d286794 |
||